Tilastot visalle Talviolympialaisten järjestäjät

Klikkaa tästä pelataksesi tätä visaa!

Yleistilastot

  • Tätä visaa on pelattu 524 kertaa
  • Keskiarvotulos 10 / 22

Vastaustilastot

VuodetJärjestäjä% Oikein
2022Peking
93%
2014Sotši
77%
1994Lillehammer
67%
1952Oslo
67%
2006Torino
67%
2010Vancouver
65%
2002Salt Lake City
61%
1998Nagano
55%
1988Calgary
54%
1984Sarajevo
52%
2026Milano / Cortina d'Ampezzo
47%
1992Albertville
44%
1972Sapporo
44%
1964, 1976Innsbruck
43%
2018Pyeongchang
38%
1932, 1980Lake Placid
33%
1928, 1948Sankt Moritz
29%
1924Chamonix
25%
1968Grenoble
23%
1936Garmisch-Partenkirchen
22%
1960Squaw Valley
20%
1956Cortina d'Ampezzo
18%

Tulosjakauma

Persentiili vastausten määrän mukaan

Jokaisen tuloksen saaneiden osuus

Tuloshistoriasi

Et ole pelannut tätä visaa